[Event "Alta Autumn"]
[Site "Alta"]
[Date "2012.10.31"]
[Round "7"]
[White "Greibrokk, Maria"]
[Black "Luostarinen, Asmo"]
[Result "0-1"]
[WhiteElo "724"]
[BlackElo "1201"]
[PlyCount "40"]
[EventDate "2012.09.12"]
[EventType "swiss"]
[EventRounds "10"]
[EventCountry "NOR"]
[SourceTitle "EXT 2024"]
[Source "ChessBase"]
[SourceDate "2023.10.10"]
[SourceVersion "1"]
[SourceVersionDate "2023.10.10"]
[SourceQuality "1"]

1. e4 e6 2. d4 d5 3. Nc3 Nf6 4. e5 Nfd7 5. Nf3 c5 6. Bb5 a6 7. Bxd7+ Bxd7 8. 0-0 Nc6 9. Bf4 Be7 10. Qd2 0-0 11. Rad1 cxd4 12. Nxd4 Na5 13. Nf3 Rc8 14. Rfe1 Bb4 15. Re3 Nc4 16. Qd4 Bc5 17. Qd3 Nxb2 18. Qd2 Bxe3 19. Qxe3 Nxd1 20. Nxd1 Rxc2 0-1

[Event "Alta ASK CC-ch"]
[Site "Alta"]
[Date "2007.01.16"]
[Round "1"]
[White "Luostarinen, Asmo"]
[Black "Mikalsen, Odd Erling"]
[Result "0-1"]
[WhiteElo "1014"]
[BlackElo "1688"]
[PlyCount "120"]
[EventDate "2007.01.16"]
[EventType "swiss"]
[EventRounds "10"]
[EventCountry "NOR"]
[SourceTitle "EXT 2008"]
[Source "ChessBase"]
[SourceDate "2007.11.25"]
[SourceVersion "1"]
[SourceVersionDate "2007.11.25"]
[SourceQuality "1"]

1. c4 Nf6 2. Nf3 g6 3. g3 Bg7 4. Bg2 d6 5. Nc3 0-0 6. 0-0 c5 7. d3 Nc6 8. h3 Bd7 9. Ng5 Qc8 10. Kh2 Ne5 11. Nge4 Nxe4 12. Nxe4 a5 13. a4 Nc6 14. Nc3 Nb4 15. e4 f5 16. Re1 fxe4 17. Nxe4 Bf5 18. Re2 Qd7 19. Rb1 Rad8 20. b3 Bd4 21. Bb2 Bxe4 22. dxe4 Nc6 23. Qd2 b6 24. Qh6 e5 25. f3 Rf6 26. Qd2 Bxb2 27. Rxb2 Nd4 28. Rf2 Rdf8 29. Qe3 Qf7 30. Qd3 Nxf3+ 31. Rxf3 Rxf3 32. Bxf3 Qxf3 33. Qd5+ Rf7 34. Qxd6 Qc3 35. Qd2 Qxd2+ 36. Rxd2 Rf3 37. Rd5 Rxb3 38. Rxe5 Rb4 39. Re6 Rxc4 40. Rxb6 Rxe4 41. Rb5 Rxa4 42. Rxc5 Kg7 43. g4 h6 44. Kg3 Ra3+ 45. Kg2 Kf6 46. h4 Ra4 47. Kg3 Ra3+ 48. Kg2 a4 49. Ra5 Ke6 50. Ra6+ Kf7 51. Ra5 Ra1 52. g5 hxg5 53. hxg5 Ke6 54. Kf3 a3 55. Kf2 a2 56. Kg2 Kd6 57. Ra8 Ke5 58. Ra5+ Kf4 59. Kf2 Rh1 60. Kg2 a1Q 0-1

[Event "Alta ASK op"]
[Site "Alta"]
[Date "2006.11.07"]
[Round "10"]
[White "Mikalsen, Erlend"]
[Black "Luostarinen, Asmo"]
[Result "1-0"]
[WhiteElo "1073"]
[BlackElo "982"]
[PlyCount "71"]
[EventDate "2006.09.05"]
[EventType "swiss"]
[EventRounds "10"]
[EventCountry "NOR"]
[SourceTitle "EXT 2008"]
[Source "ChessBase"]
[SourceDate "2007.11.25"]
[SourceVersion "1"]
[SourceVersionDate "2007.11.25"]
[SourceQuality "1"]

1. e4 c5 2. Nc3 Nc6 3. f4 e6 4. Nf3 a6 5. a4 d6 6. Be2 Nf6 7. d3 b6 8. 0-0 Qc7 9. Be3 Be7 10. Qe1 h6 11. Qg3 Bf8 12. Nh4 Bb7 13. f5 0-0-0 14. Na2 g5 15. fxg6 Bg7 16. gxf7 Qxf7 17. b4 Rhg8 18. c4 Qc7 19. b5 Nxe4 20. dxe4 Bxa1 21. Qh3 Nd4 22. Bg4 Qg7 23. Bxe6+ Nxe6 24. Qxe6+ Kb8 25. Rf7 Qg4 26. Rxb7+ Kxb7 27. Qf7+ Qd7 28. Qd5+ Ka7 29. Nf5 Be5 30. bxa6 Kxa6 31. Ne7 Rh8 32. Nc6 Rde8 33. Nab4+ cxb4 34. Qb5+ Kb7 35. Qxb6+ Kc8 36. Qb8# 1-0

[Event "Kalotturneringen"]
[Site "Hammerfest"]
[Date "2006.09.24"]
[Round "6"]
[White "Luostarinen, Asmo"]
[Black "Valle, Stian"]
[Result "1/2-1/2"]
[WhiteElo "982"]
[BlackElo "910"]
[PlyCount "55"]
[EventDate "2006.09.22"]
[EventType "swiss"]
[EventRounds "7"]
[EventCountry "NOR"]
[SourceTitle "EXT 2007"]
[Source "ChessBase"]
[SourceDate "2006.11.23"]
[SourceVersion "1"]
[SourceVersionDate "2006.11.23"]
[SourceQuality "1"]

1. e4 e5 2. Nf3 Nc6 3. Bb5 a6 4. Ba4 Bc5 5. 0-0 Nf6 6. Bxc6 bxc6 7. Nxe5 0-0 8. d3 Re8 9. Nf3 d5 10. e5 Ng4 11. d4 Be7 12. h3 Nh6 13. Bxh6 gxh6 14. Nbd2 Kh8 15. Nh2 Rg8 16. Kh1 f6 17. f4 f5 18. Qh5 Qf8 19. Rg1 Bd7 20. g3 c5 21. c3 cxd4 22. cxd4 Rb8 23. Nb3 Rb4 24. Qf3 Rb6 25. Rac1 Qd8 26. Qe3 Rbg6 27. Nc5 Bc8 28. a4 1/2-1/2

[Event "Kalotturneringen"]
[Site "Hammerfest"]
[Date "2006.09.23"]
[Round "5"]
[White "Luostarinen, Asmo"]
[Black "Paulsen, Tor Arne"]
[Result "0-1"]
[WhiteElo "982"]
[BlackElo "1873"]
[PlyCount "48"]
[EventDate "2006.09.22"]
[EventType "swiss"]
[EventRounds "7"]
[EventCountry "NOR"]
[SourceTitle "EXT 2007"]
[Source "ChessBase"]
[SourceDate "2006.11.23"]
[SourceVersion "1"]
[SourceVersionDate "2006.11.23"]
[SourceQuality "1"]

1. e4 c5 2. Nf3 Nc6 3. d4 cxd4 4. Nxd4 a6 5. Be3 Qc7 6. Nc3 e6 7. Qd2 Nf6 8. Be2 Bb4 9. Nb3 Nxe4 10. Qd3 Nxc3 11. bxc3 Ne5 12. Qd1 Bxc3+ 13. Bd2 0-0 14. Rb1 b5 15. 0-0 Bxd2 16. Nxd2 Bb7 17. h4 Rac8 18. Rc1 d5 19. h5 h6 20. f4 Nc4 21. Nxc4 dxc4 22. Bf3 Rcd8 23. Qe2 c3 24. Bxb7 Qxb7 0-1

[Event "Kalotturneringen"]
[Site "Hammerfest"]
[Date "2006.09.22"]
[Round "3"]
[White "Remman, Frank"]
[Black "Luostarinen, Asmo"]
[Result "1-0"]
[WhiteElo "1745"]
[BlackElo "982"]
[PlyCount "65"]
[EventDate "2006.09.22"]
[EventType "swiss"]
[EventRounds "7"]
[EventCountry "NOR"]
[SourceTitle "EXT 2007"]
[Source "ChessBase"]
[SourceDate "2006.11.23"]
[SourceVersion "1"]
[SourceVersionDate "2006.11.23"]
[SourceQuality "1"]

1. d4 Nf6 2. Nf3 e6 3. c4 d5 4. Nc3 Nbd7 5. Bg5 Be7 6. e3 c5 7. Rc1 cxd4 8. exd4 0-0 9. Bd3 dxc4 10. Bxc4 Nb6 11. Bd3 Nfd7 12. Bf4 Bf6 13. Nb5 Nd5 14. Bg3 N7b6 15. a3 Bd7 16. 0-0 Bc6 17. Ne5 Bxb5 18. Bxb5 Nc7 19. Bd3 Ncd5 20. Qc2 g6 21. Qe2 Bh4 22. Qg4 Bxg3 23. Qxg3 Qe7 24. h4 f5 25. Rfe1 Rac8 26. Rxc8 Nxc8 27. Nf3 Qf6 28. h5 Re8 29. hxg6 hxg6 30. Nh4 Kf7 31. Nf3 Re7 32. Qb8 Nd6 33. Qxd6 1-0

[Event "Alta ASK op"]
[Site "Alta"]
[Date "2006.09.12"]
[Round "2"]
[White "Bjerring, Dennis"]
[Black "Luostarinen, Asmo"]
[Result "0-1"]
[WhiteElo "824"]
[BlackElo "982"]
[PlyCount "122"]
[EventDate "2006.09.05"]
[EventType "swiss"]
[EventRounds "10"]
[EventCountry "NOR"]
[SourceTitle "EXT 2008"]
[Source "ChessBase"]
[SourceDate "2007.11.25"]
[SourceVersion "1"]
[SourceVersionDate "2007.11.25"]
[SourceQuality "1"]

1. d4 Nf6 2. c4 d6 3. e3 g6 4. Nf3 Bg7 5. Be2 0-0 6. Nc3 Nbd7 7. 0-0 c5 8. e4 cxd4 9. Qxd4 Nc5 10. Qe3 Ng4 11. Qd2 f5 12. Ng5 Nf6 13. b4 Ncxe4 14. Ncxe4 fxe4 15. Nxe4 Nxe4 16. Qd5+ e6 17. Qxe4 Bxa1 18. Bg4 e5 19. Qd5+ Kg7 20. Bxc8 Rxc8 21. Qxb7+ Qc7 22. Qa6 Qb6 23. Qa4 Bd4 24. Qd7+ Kh8 25. Bh6 Rc7 26. Qe6 Rcf7 27. Bxf8 Rxf8 28. Qe7 Qd8 29. Qe6 Rf6 30. Qg4 Bc3 31. b5 Rf4 32. Qg3 Rxc4 33. Rc1 Qc7 34. Qf3 Kg7 35. Qd3 Rc5 36. g3 Bd4 37. Rb1 Rc1+ 38. Rxc1 Qxc1+ 39. Kg2 Qc5 40. f3 Qb6 41. Qc4 Bc5 42. Qe2 Qa5 43. Qc4 Qd2+ 44. Kh3 h5 45. Qe6 Qg5 46. Qd7+ Kh6 47. Qf7 Qf5+ 48. Qxf5 gxf5 49. Kg2 Kg5 50. h4+ Kf6 51. Kf1 d5 52. Ke2 e4 53. fxe4 fxe4 54. a4 Bb6 55. Kd2 Kf5 56. Kc3 Kg4 57. Kb4 e3 58. a5 Bxa5+ 59. Kxa5 e2 60. Ka6 e1Q 61. Kxa7 Qa5+ 0-1